[Event "DEM U12 2023"]
[Site "Willingen GER"]
[Date "2023.05.29"]
[Round "3"]
[White "Herrmann, Arthur"]
[Black "Glöckler, Christian"]
[Result "0-1"]
[Termination "normal"]
[Board "1"]
[BlackTitle "FM"]
[WhiteElo "1875"]
[BlackElo "2288"]
[WhiteClock "00:02:07"]
[BlackClock "00:09:22"]
[PlyCount "128"]
[WhiteFideId "16287150"]
[BlackFideId "34608966"]
[EventCountry "GER"]
[EventRounds "9"]
[EventType "swiss"]
[EventDate "2023.05.27"]

1. e4 {[%clk 01:30:58]} {[%emt 00:00:02]} c5 {[%clk 01:30:50]} {[%emt
00:00:10]} 2. Nf3 {[%clk 01:31:24]} {[%emt 00:00:04]} d6 {[%clk 01:31:13]}
{[%emt 00:00:06]} 3. d4 {[%clk 01:31:50]} {[%emt 00:00:04]} cxd4 {[%clk
01:31:38]} {[%emt 00:00:06]} 4. Nxd4 {[%clk 01:32:16]} {[%emt 00:00:03]} Nf6
{[%clk 01:32:01]} {[%emt 00:00:07]} 5. Nc3 {[%clk 01:32:43]} {[%emt 00:00:04]}
a6 {[%clk 01:32:23]} {[%emt 00:00:08]} 6. h4 {[%clk 01:33:08]} {[%emt
00:00:04]} e5 {[%clk 01:32:10]} {[%emt 00:00:44]} 7. Nb3 {[%clk 01:33:34]}
{[%emt 00:00:04]} Qc7 {[%clk 01:30:29]} {[%emt 00:02:11]} 8. Bg5 {[%clk
01:26:45]} {[%emt 00:07:19]} Nbd7 {[%clk 01:28:19]} {[%emt 00:02:40]} 9. a4
{[%clk 01:22:37]} {[%emt 00:04:37]} b6 {[%clk 01:25:46]} {[%emt 00:03:04]} 10.
Be2 {[%clk 01:18:18]} {[%emt 00:04:48]} Bb7 {[%clk 01:23:16]} {[%emt 00:03:00]}
11. Qd3 {[%clk 01:12:14]} {[%emt 00:06:34]} h6 {[%clk 01:13:30]} {[%emt
00:10:16]} 12. Be3 {[%clk 01:09:34]} {[%emt 00:03:10]} Rc8 {[%clk 01:11:01]}
{[%emt 00:03:00]} 13. Bf3 {[%clk 00:57:57]} {[%emt 00:12:06]} Nc5 {[%clk
01:00:00]} {[%emt 00:11:32]} 14. Nxc5 {[%clk 00:57:23]} {[%emt 00:01:03]} dxc5
{[%clk 01:00:00]} {[%emt 00:00:30]} 15. Rd1 {[%clk 00:53:28]} {[%emt 00:04:25]}
c4 {[%clk 00:58:46]} {[%emt 00:01:44]} 16. Qe2 {[%clk 00:52:34]} {[%emt
00:01:22]} Bb4 {[%clk 00:57:30]} {[%emt 00:01:49]} 17. Bd2 {[%clk 00:49:59]}
{[%emt 00:03:04]} Bc5 {[%clk 00:51:30]} {[%emt 00:06:30]} 18. Be3 {[%clk
00:44:00]} {[%emt 00:06:30]} Bxe3 {[%clk 00:48:06]} {[%emt 00:03:54]} 19. Qxe3
{[%clk 00:44:03]} {[%emt 00:00:26]} Qc5 {[%clk 00:47:28]} {[%emt 00:01:08]} 20.
Qxc5 {[%clk 00:41:43]} {[%emt 00:02:50]} Rxc5 {[%clk 00:47:36]} {[%emt
00:00:22]} 21. Rd6 {[%clk 00:39:56]} {[%emt 00:02:16]} Rc6 {[%clk 00:47:30]}
{[%emt 00:00:37]} 22. Rd2 {[%clk 00:38:47]} {[%emt 00:01:39]} Ke7 {[%clk
00:45:52]} {[%emt 00:02:09]} 23. Ke2 {[%clk 00:36:59]} {[%emt 00:02:17]} Rd6
{[%clk 00:44:00]} {[%emt 00:02:23]} 24. Rxd6 {[%clk 00:29:52]} {[%emt
00:07:37]} Kxd6 {[%clk 00:44:23]} {[%emt 00:00:07]} 25. Ke3 {[%clk 00:27:54]}
{[%emt 00:02:27]} Bc6 {[%clk 00:41:30]} {[%emt 00:03:23]} 26. Ra1 {[%clk
00:23:19]} {[%emt 00:05:04]} Kc5 {[%clk 00:38:35]} {[%emt 00:03:25]} 27. g3
{[%clk 00:20:20]} {[%emt 00:03:31]} h5 {[%clk 00:37:50]} {[%emt 00:01:14]} 28.
Rd1 {[%clk 00:12:47]} {[%emt 00:08:01]} g6 {[%clk 00:35:59]} {[%emt 00:02:24]}
29. Ra1 {[%clk 00:08:46]} {[%emt 00:04:30]} Ne8 {[%clk 00:35:27]} {[%emt
00:01:03]} 30. Be2 {[%clk 00:07:36]} {[%emt 00:01:39]} Nd6 {[%clk 00:31:54]}
{[%emt 00:04:03]} 31. Rd1 {[%clk 00:06:29]} {[%emt 00:01:36]} Re8 {[%clk
00:30:22]} {[%emt 00:02:03]} 32. Bf1 {[%clk 00:05:30]} {[%emt 00:01:29]} b5
{[%clk 00:29:16]} {[%emt 00:01:37]} 33. axb5 {[%clk 00:05:08]} {[%emt
00:00:52]} axb5 {[%clk 00:29:30]} {[%emt 00:00:15]} 34. Ra1 {[%clk 00:04:00]}
{[%emt 00:01:38]} Re7 {[%clk 00:25:42]} {[%emt 00:04:18]} 35. f3 {[%clk
00:03:21]} {[%emt 00:01:10]} f6 {[%clk 00:24:30]} {[%emt 00:01:42]} 36. Be2
{[%clk 00:02:58]} {[%emt 00:00:52]} Kb6 {[%clk 00:24:15]} {[%emt 00:00:46]} 37.
Rd1 {[%clk 00:01:57]} {[%emt 00:01:28]} Rd7 {[%clk 00:23:46]} {[%emt 00:01:01]}
38. g4 {[%clk 00:01:12]} {[%emt 00:01:15]} hxg4 {[%clk 00:18:28]} {[%emt
00:05:48]} 39. fxg4 {[%clk 00:01:36]} {[%emt 00:00:06]} Kc5 {[%clk 00:16:44]}
{[%emt 00:02:15]} 40. Bf3 {[%clk 00:00:41]} {[%emt 00:01:24]} b4 {[%clk
00:14:58]} {[%emt 00:02:18]} 41. Nd5 {[%clk 00:25:27]} {[%emt 00:05:43]} f5
{[%clk 00:38:01]} {[%emt 00:07:27]} 42. exf5 {[%clk 00:14:24]} {[%emt
00:11:32]} gxf5 {[%clk 00:36:39]} {[%emt 00:01:52]} 43. Nf6 {[%clk 00:12:18]}
{[%emt 00:02:36]} f4+ {[%clk 00:31:12]} {[%emt 00:05:57]} 44. Kf2 {[%clk
00:10:44]} {[%emt 00:02:04]} Rf7 {[%clk 00:30:29]} {[%emt 00:01:13]} 45. Bxc6
{[%clk 00:09:23]} {[%emt 00:01:51]} Rxf6 {[%clk 00:28:24]} {[%emt 00:02:33]}
46. g5 {[%clk 00:08:45]} {[%emt 00:01:10]} Rg6 {[%clk 00:25:49]} {[%emt
00:03:03]} 47. Bf3 {[%clk 00:07:53]} {[%emt 00:01:24]} e4 {[%clk 00:24:44]}
{[%emt 00:01:35]} 48. Bg4 {[%clk 00:07:28]} {[%emt 00:00:53]} Rg7 {[%clk
00:22:32]} {[%emt 00:02:45]} 49. Rg1 {[%clk 00:05:22]} {[%emt 00:02:33]} Kd5
{[%clk 00:21:53]} {[%emt 00:01:10]} 50. h5 {[%clk 00:04:53]} {[%emt 00:00:59]}
Ke5 {[%clk 00:20:55]} {[%emt 00:01:30]} 51. Bh3 {[%clk 00:04:16]} {[%emt
00:01:02]} e3+ {[%clk 00:16:11]} {[%emt 00:05:18]} 52. Kf3 {[%clk 00:04:06]}
{[%emt 00:00:39]} Ne4 {[%clk 00:14:29]} {[%emt 00:02:13]} 53. g6 {[%clk
00:04:18]} {[%emt 00:00:18]} Nd2+ {[%clk 00:13:58]} {[%emt 00:01:02]} 54. Ke2
{[%clk 00:04:25]} {[%emt 00:00:22]} Kf6 {[%clk 00:14:17]} {[%emt 00:00:11]} 55.
Rg4 {[%clk 00:03:42]} {[%emt 00:01:12]} Kf5 {[%clk 00:09:56]} {[%emt 00:04:52]}
56. h6 {[%clk 00:03:40]} {[%emt 00:00:32]} Re7 {[%clk 00:10:07]} {[%emt
00:00:19]} 57. g7 {[%clk 00:02:19]} {[%emt 00:01:51]} f3+ {[%clk 00:09:29]}
{[%emt 00:01:09]} 58. Ke1 {[%clk 00:02:30]} {[%emt 00:00:16]} Ra7 {[%clk
00:07:41]} {[%emt 00:02:19]} 59. Rg5+ {[%clk 00:02:17]} {[%emt 00:00:42]} Kf4
{[%clk 00:07:37]} {[%emt 00:00:36]} 60. Rf5+ {[%clk 00:02:25]} {[%emt
00:00:22]} Ke4 {[%clk 00:07:52]} {[%emt 00:00:15]} 61. Rxf3 {[%clk 00:01:48]}
{[%emt 00:01:07]} Nxf3+ {[%clk 00:08:15]} {[%emt 00:00:08]} 62. Ke2 {[%clk
00:01:46]} {[%emt 00:00:29]} Ra1 {[%clk 00:08:40]} {[%emt 00:00:07]} 63. Bf5+
{[%clk 00:01:52]} {[%emt 00:00:24]} Kf4 {[%clk 00:09:01]} {[%emt 00:00:09]} 64.
g8=Q {[%clk 00:02:07]} {[%emt 00:00:14]} Nd4# {[%clk 00:09:22]} {[%emt
00:00:11]} 0-1

[Event "DEM U12 2023"]
[Site "Willingen GER"]
[Date "2023.05.29"]
[Round "3"]
[White "Mohylnyi, Stepan"]
[Black "Albrecht, Neil"]
[Result "1-0"]
[Termination "normal"]
[Board "2"]
[WhiteElo "2073"]
[BlackElo "1690"]
[WhiteClock "00:08:22"]
[BlackClock "00:10:31"]
[PlyCount "91"]
[WhiteFideId "34127836"]
[BlackFideId "34621091"]
[EventCountry "GER"]
[EventRounds "9"]
[EventType "swiss"]
[EventDate "2023.05.27"]

1. e4 {[%clk 01:30:56]} {[%emt 00:00:03]} e5 {[%clk 01:30:48]} {[%emt
00:00:11]} 2. Nf3 {[%clk 01:31:22]} {[%emt 00:00:05]} Nc6 {[%clk 01:31:04]}
{[%emt 00:00:14]} 3. Bb5 {[%clk 01:31:48]} {[%emt 00:00:04]} a6 {[%clk
01:31:21]} {[%emt 00:00:13]} 4. Ba4 {[%clk 01:32:12]} {[%emt 00:00:07]} Nf6
{[%clk 01:31:21]} {[%emt 00:00:30]} 5. O-O {[%clk 01:32:22]} {[%emt 00:00:20]}
Be7 {[%clk 01:31:44]} {[%emt 00:00:06]} 6. Re1 {[%clk 01:32:39]} {[%emt
00:00:13]} b5 {[%clk 01:30:55]} {[%emt 00:01:20]} 7. Bb3 {[%clk 01:33:05]}
{[%emt 00:00:05]} O-O {[%clk 01:30:46]} {[%emt 00:00:38]} 8. c3 {[%clk
01:33:13]} {[%emt 00:00:22]} d5 {[%clk 01:30:31]} {[%emt 00:00:44]} 9. d3
{[%clk 01:31:24]} {[%emt 00:02:19]} dxe4 {[%clk 01:16:55]} {[%emt 00:14:06]}
10. dxe4 {[%clk 01:31:23]} {[%emt 00:00:31]} Qxd1 {[%clk 01:15:37]} {[%emt
00:01:48]} 11. Rxd1 {[%clk 01:31:42]} {[%emt 00:00:12]} Bg4 {[%clk 01:14:42]}
{[%emt 00:01:25]} 12. Be3 {[%clk 01:27:52]} {[%emt 00:04:20]} Na5 {[%clk
01:01:43]} {[%emt 00:13:29]} 13. Nbd2 {[%clk 01:22:28]} {[%emt 00:05:53]} Nxb3
{[%clk 00:59:20]} {[%emt 00:02:53]} 14. axb3 {[%clk 01:22:29]} {[%emt
00:00:29]} Bd6 {[%clk 00:51:53]} {[%emt 00:07:56]} 15. b4 {[%clk 01:07:30]}
{[%emt 00:15:31]} Bc8 {[%clk 00:41:54]} {[%emt 00:10:29]} 16. Bg5 {[%clk
01:05:57]} {[%emt 00:02:02]} Nd7 {[%clk 00:40:39]} {[%emt 00:01:45]} 17. Nb3
{[%clk 00:57:26]} {[%emt 00:09:01]} Bb7 {[%clk 00:33:29]} {[%emt 00:07:41]} 18.
Nfd2 {[%clk 00:53:10]} {[%emt 00:04:45]} Rac8 {[%clk 00:31:51]} {[%emt
00:02:08]} 19. g4 {[%clk 00:48:46]} {[%emt 00:04:54]} Nb6 {[%clk 00:29:56]}
{[%emt 00:02:22]} 20. Be3 {[%clk 00:37:46]} {[%emt 00:11:33]} Na4 {[%clk
00:27:53]} {[%emt 00:02:33]} 21. Rab1 {[%clk 00:36:46]} {[%emt 00:01:30]} g6
{[%clk 00:23:23]} {[%emt 00:05:00]} 22. Bh6 {[%clk 00:25:26]} {[%emt 00:11:50]}
Rfe8 {[%clk 00:23:17]} {[%emt 00:00:35]} 23. f3 {[%clk 00:23:59]} {[%emt
00:01:59]} Be7 {[%clk 00:20:10]} {[%emt 00:03:36]} 24. Be3 {[%clk 00:24:13]}
{[%emt 00:00:15]} Rf8 {[%clk 00:18:52]} {[%emt 00:01:48]} 25. g5 {[%clk
00:23:05]} {[%emt 00:01:38]} c5 {[%clk 00:17:16]} {[%emt 00:02:07]} 26. bxc5
{[%clk 00:23:07]} {[%emt 00:00:29]} Nxc5 {[%clk 00:17:08]} {[%emt 00:00:38]}
27. Nxc5 {[%clk 00:23:07]} {[%emt 00:00:30]} Bxc5 {[%clk 00:17:36]} {[%emt
00:00:02]} 28. Bxc5 {[%clk 00:23:23]} {[%emt 00:00:13]} Rxc5 {[%clk 00:17:58]}
{[%emt 00:00:08]} 29. Nb3 {[%clk 00:23:50]} {[%emt 00:00:02]} Rc7 {[%clk
00:17:17]} {[%emt 00:01:11]} 30. Rd6 {[%clk 00:24:04]} {[%emt 00:00:17]} Rc6
{[%clk 00:16:16]} {[%emt 00:01:31]} 31. Rbd1 {[%clk 00:19:17]} {[%emt
00:05:17]} Rfc8 {[%clk 00:12:45]} {[%emt 00:04:01]} 32. Rd7 {[%clk 00:17:34]}
{[%emt 00:02:13]} R6c7 {[%clk 00:12:27]} {[%emt 00:00:47]} 33. Na5 {[%clk
00:16:53]} {[%emt 00:01:12]} Bc6 {[%clk 00:10:44]} {[%emt 00:02:13]} 34. R7d6
{[%clk 00:16:01]} {[%emt 00:01:22]} Bb7 {[%clk 00:11:01]} {[%emt 00:00:13]} 35.
Rb6 {[%clk 00:15:59]} {[%emt 00:00:33]} Rb8 {[%clk 00:10:24]} {[%emt 00:01:07]}
36. Rdd6 {[%clk 00:13:26]} {[%emt 00:03:02]} Kg7 {[%clk 00:10:20]} {[%emt
00:00:33]} 37. Kf2 {[%clk 00:12:37]} {[%emt 00:01:20]} h6 {[%clk 00:10:29]}
{[%emt 00:00:21]} 38. h4 {[%clk 00:12:57]} {[%emt 00:00:10]} hxg5 {[%clk
00:10:54]} {[%emt 00:00:05]} 39. hxg5 {[%clk 00:13:23]} {[%emt 00:00:04]} Kf8
{[%clk 00:10:43]} {[%emt 00:00:41]} 40. c4 {[%clk 00:11:34]} {[%emt 00:02:20]}
bxc4 {[%clk 00:10:42]} {[%emt 00:00:30]} 41. Rb4 {[%clk 00:11:54]} {[%emt
00:00:09]} Rc5 {[%clk 00:09:58]} {[%emt 00:01:15]} 42. Nxb7 {[%clk 00:10:54]}
{[%emt 00:01:30]} Rb5 {[%clk 00:10:16]} {[%emt 00:00:11]} 43. Rxb5 {[%clk
00:11:02]} {[%emt 00:00:23]} axb5 {[%clk 00:10:40]} {[%emt 00:00:07]} 44. Nc5
{[%clk 00:09:46]} {[%emt 00:01:45]} b4 {[%clk 00:10:22]} {[%emt 00:00:48]} 45.
Rd5 {[%clk 00:09:01]} {[%emt 00:01:14]} Ra8 {[%clk 00:10:31]} {[%emt 00:00:21]}
46. Nd7+ {[%clk 00:08:22]} {[%emt 00:01:10]} 1-0

[Event "DEM U12 2023"]
[Site "Willingen GER"]
[Date "2023.05.29"]
[Round "3"]
[White "Vartanian, Roman"]
[Black "Polzin, Gustav"]
[Result "1-0"]
[Termination "normal"]
[Board "3"]
[WhiteElo "1619"]
[BlackElo "2018"]
[WhiteClock "00:08:12"]
[BlackClock "00:01:07"]
[PlyCount "128"]
[WhiteFideId "34140107"]
[BlackFideId "34603280"]
[EventCountry "GER"]
[EventRounds "9"]
[EventType "swiss"]
[EventDate "2023.05.27"]

1. d4 {[%clk 01:30:58]} {[%emt 00:00:01]} Nf6 {[%clk 01:30:47]} {[%emt
00:00:14]} 2. Nf3 {[%clk 01:31:23]} {[%emt 00:00:05]} g6 {[%clk 01:30:39]}
{[%emt 00:00:38]} 3. c4 {[%clk 01:31:35]} {[%emt 00:00:18]} Bg7 {[%clk
01:30:36]} {[%emt 00:00:32]} 4. Nc3 {[%clk 01:31:52]} {[%emt 00:00:13]} O-O
{[%clk 01:30:37]} {[%emt 00:00:29]} 5. e4 {[%clk 01:32:03]} {[%emt 00:00:19]}
d6 {[%clk 01:30:33]} {[%emt 00:00:34]} 6. Be2 {[%clk 01:32:18]} {[%emt
00:00:15]} e5 {[%clk 01:29:56]} {[%emt 00:01:07]} 7. d5 {[%clk 01:29:35]}
{[%emt 00:03:13]} Nbd7 {[%clk 01:27:57]} {[%emt 00:02:29]} 8. Qc2 {[%clk
01:29:22]} {[%emt 00:00:43]} Nh5 {[%clk 01:17:30]} {[%emt 00:10:57]} 9. Be3
{[%clk 01:21:50]} {[%emt 00:08:03]} Nf4 {[%clk 01:15:23]} {[%emt 00:02:37]} 10.
Rg1 {[%clk 01:20:33]} {[%emt 00:01:46]} Bh6 {[%clk 01:00:37]} {[%emt 00:15:16]}
11. g4 {[%clk 01:17:08]} {[%emt 00:03:56]} Nxe2 {[%clk 00:56:45]} {[%emt
00:04:22]} 12. Qxe2 {[%clk 01:15:24]} {[%emt 00:02:12]} Bxe3 {[%clk 00:55:22]}
{[%emt 00:01:55]} 13. Qxe3 {[%clk 01:15:33]} {[%emt 00:00:21]} a6 {[%clk
00:47:43]} {[%emt 00:08:10]} 14. Qh6 {[%clk 01:12:48]} {[%emt 00:03:13]} f6
{[%clk 00:41:03]} {[%emt 00:07:11]} 15. Rg3 {[%clk 01:07:42]} {[%emt 00:05:35]}
Nc5 {[%clk 00:38:26]} {[%emt 00:03:07]} 16. Nh4 {[%clk 01:03:37]} {[%emt
00:04:35]} Qe7 {[%clk 00:36:36]} {[%emt 00:02:20]} 17. b4 {[%clk 01:03:45]}
{[%emt 00:00:23]} Nd7 {[%clk 00:35:45]} {[%emt 00:01:21]} 18. O-O-O {[%clk
00:56:45]} {[%emt 00:07:30]} b5 {[%clk 00:25:34]} {[%emt 00:10:40]} 19. Nf5
{[%clk 00:52:22]} {[%emt 00:04:51]} Qf7 {[%clk 00:25:15]} {[%emt 00:00:51]} 20.
Rdg1 {[%clk 00:46:37]} {[%emt 00:06:15]} Nb6 {[%clk 00:20:23]} {[%emt
00:05:22]} 21. g5 {[%clk 00:39:03]} {[%emt 00:08:03]} Bxf5 {[%clk 00:18:30]}
{[%emt 00:02:24]} 22. exf5 {[%clk 00:39:19]} {[%emt 00:00:15]} Qg7 {[%clk
00:18:11]} {[%emt 00:00:48]} 23. Qh3 {[%clk 00:25:13]} {[%emt 00:14:35]} Nxc4
{[%clk 00:09:32]} {[%emt 00:09:10]} 24. fxg6 {[%clk 00:24:53]} {[%emt
00:00:50]} hxg6 {[%clk 00:09:40]} {[%emt 00:00:23]} 25. gxf6 {[%clk 00:25:06]}
{[%emt 00:00:16]} Rxf6 {[%clk 00:09:48]} {[%emt 00:00:22]} 26. Ne4 {[%clk
00:25:22]} {[%emt 00:00:14]} Raf8 {[%clk 00:09:21]} {[%emt 00:00:58]} 27. Nxf6+
{[%clk 00:25:36]} {[%emt 00:00:15]} Rxf6 {[%clk 00:09:05]} {[%emt 00:00:45]}
28. Qc8+ {[%clk 00:25:48]} {[%emt 00:00:18]} Kf7 {[%clk 00:08:50]} {[%emt
00:00:47]} 29. Qxc7+ {[%clk 00:25:51]} {[%emt 00:00:26]} Kf8 {[%clk 00:08:42]}
{[%emt 00:00:38]} 30. Qd8+ {[%clk 00:25:21]} {[%emt 00:00:59]} Kf7 {[%clk
00:08:57]} {[%emt 00:00:16]} 31. Qd7+ {[%clk 00:25:16]} {[%emt 00:00:35]} Kf8
{[%clk 00:09:09]} {[%emt 00:00:18]} 32. Qxg7+ {[%clk 00:25:26]} {[%emt
00:00:20]} Kxg7 {[%clk 00:09:25]} {[%emt 00:00:14]} 33. R1g2 {[%clk 00:25:30]}
{[%emt 00:00:22]} Nb6 {[%clk 00:08:57]} {[%emt 00:01:03]} 34. Rd3 {[%clk
00:25:10]} {[%emt 00:00:49]} Rf4 {[%clk 00:07:26]} {[%emt 00:02:01]} 35. a3
{[%clk 00:25:20]} {[%emt 00:00:20]} Rf5 {[%clk 00:05:35]} {[%emt 00:02:21]} 36.
f3 {[%clk 00:25:06]} {[%emt 00:00:42]} Rf4 {[%clk 00:05:32]} {[%emt 00:00:36]}
37. Rg4 {[%clk 00:24:36]} {[%emt 00:00:57]} Rf7 {[%clk 00:04:51]} {[%emt
00:01:12]} 38. h4 {[%clk 00:20:42]} {[%emt 00:04:24]} Kf6 {[%clk 00:03:59]}
{[%emt 00:01:24]} 39. Rc3 {[%clk 00:19:46]} {[%emt 00:01:24]} Nxd5 {[%clk
00:03:46]} {[%emt 00:00:44]} 40. Rc6 {[%clk 00:17:08]} {[%emt 00:03:08]} Rc7
{[%clk 00:03:36]} {[%emt 00:00:40]} 41. Rxc7 {[%clk 00:17:29]} {[%emt
00:00:10]} Nxc7 {[%clk 00:03:52]} {[%emt 00:00:14]} 42. Kd2 {[%clk 00:17:39]}
{[%emt 00:00:18]} Ne6 {[%clk 00:02:43]} {[%emt 00:01:40]} 43. Ke3 {[%clk
00:16:52]} {[%emt 00:01:13]} Kf5 {[%clk 00:00:45]} {[%emt 00:02:32]} 44. Rg1
{[%clk 00:14:06]} {[%emt 00:03:16]} d5 {[%clk 00:29:45]} {[%emt 00:01:30]} 45.
Kf2 {[%clk 00:28:41]} {[%emt 00:15:53]} Kf6 {[%clk 00:19:30]} {[%emt 00:10:46]}
46. Rc1 {[%clk 00:28:16]} {[%emt 00:00:54]} Nd4 {[%clk 00:09:05]} {[%emt
00:10:57]} 47. Rc8 {[%clk 00:26:17]} {[%emt 00:02:29]} Kf5 {[%clk 00:05:32]}
{[%emt 00:04:03]} 48. Rf8+ {[%clk 00:26:28]} {[%emt 00:00:19]} Ke6 {[%clk
00:05:48]} {[%emt 00:00:14]} 49. Ra8 {[%clk 00:26:45]} {[%emt 00:00:13]} Kf5
{[%clk 00:05:47]} {[%emt 00:00:31]} 50. Rxa6 {[%clk 00:26:49]} {[%emt
00:00:25]} e4 {[%clk 00:05:50]} {[%emt 00:00:27]} 51. fxe4+ {[%clk 00:27:08]}
{[%emt 00:00:12]} dxe4 {[%clk 00:05:57]} {[%emt 00:00:23]} 52. Rd6 {[%clk
00:26:36]} {[%emt 00:01:00]} Nc2 {[%clk 00:05:56]} {[%emt 00:00:32]} 53. Rd5+
{[%clk 00:26:26]} {[%emt 00:00:40]} Kf4 {[%clk 00:06:13]} {[%emt 00:00:14]} 54.
Ke2 {[%clk 00:19:00]} {[%emt 00:07:54]} Nxa3 {[%clk 00:05:52]} {[%emt
00:00:53]} 55. Rc5 {[%clk 00:12:44]} {[%emt 00:06:44]} Nb1 {[%clk 00:04:19]}
{[%emt 00:02:04]} 56. Rc6 {[%clk 00:12:43]} {[%emt 00:00:29]} Kf5 {[%clk
00:04:07]} {[%emt 00:00:45]} 57. Ke3 {[%clk 00:12:38]} {[%emt 00:00:33]} Na3
{[%clk 00:03:30]} {[%emt 00:01:09]} 58. Rc5+ {[%clk 00:12:31]} {[%emt
00:00:36]} Kg4 {[%clk 00:03:38]} {[%emt 00:00:22]} 59. Kxe4 {[%clk 00:12:10]}
{[%emt 00:00:51]} Kxh4 {[%clk 00:03:52]} {[%emt 00:00:17]} 60. Kf4 {[%clk
00:10:31]} {[%emt 00:02:07]} Nb1 {[%clk 00:03:03]} {[%emt 00:01:21]} 61. Rxb5
{[%clk 00:08:40]} {[%emt 00:02:21]} Nc3 {[%clk 00:03:08]} {[%emt 00:00:25]} 62.
Re5 {[%clk 00:08:38]} {[%emt 00:00:28]} g5+ {[%clk 00:01:07]} {[%emt 00:02:34]}
63. Rxg5 {[%clk 00:08:01]} {[%emt 00:01:08]} Ne2+ {[%clk 00:01:09]} {[%emt
00:00:28]} 64. Kf5 {[%clk 00:08:12]} {[%emt 00:00:17]} Nd4+ {[%clk 00:01:07]}
{[%emt 00:00:35]} *

[Event "DEM U12 2023"]
[Site "Willingen GER"]
[Date "2023.05.29"]
[Round "3"]
[White "Nemitz, Alfred"]
[Black "Fischermann, Simon"]
[Result "1/2-1/2"]
[Termination "normal"]
[Board "4"]
[WhiteElo "2079"]
[BlackElo "1659"]
[WhiteClock "00:17:37"]
[BlackClock "00:23:11"]
[PlyCount "67"]
[WhiteFideId "34601791"]
[BlackFideId "34620869"]
[EventCountry "GER"]
[EventRounds "9"]
[EventType "swiss"]
[EventDate "2023.05.27"]

1. e4 {[%clk 01:30:24]} {[%emt 00:00:34]} e5 {[%clk 01:30:52]} {[%emt
00:00:09]} 2. Nf3 {[%clk 01:30:46]} {[%emt 00:00:09]} Nc6 {[%clk 01:31:16]}
{[%emt 00:00:06]} 3. Bc4 {[%clk 01:31:07]} {[%emt 00:00:09]} Nf6 {[%clk
01:31:35]} {[%emt 00:00:10]} 4. Ng5 {[%clk 01:27:48]} {[%emt 00:03:49]} d5
{[%clk 01:31:43]} {[%emt 00:00:23]} 5. exd5 {[%clk 01:28:09]} {[%emt 00:00:09]}
b5 {[%clk 01:32:03]} {[%emt 00:00:09]} 6. Bxb5 {[%clk 01:09:58]} {[%emt
00:18:41]} Qxd5 {[%clk 01:32:30]} {[%emt 00:00:03]} 7. Nc3 {[%clk 00:55:24]}
{[%emt 00:15:05]} Qxg2 {[%clk 01:32:02]} {[%emt 00:00:57]} 8. Qf3 {[%clk
00:55:42]} {[%emt 00:00:12]} Qxf3 {[%clk 01:32:21]} {[%emt 00:00:11]} 9. Nxf3
{[%clk 00:56:05]} {[%emt 00:00:07]} Bd7 {[%clk 01:32:29]} {[%emt 00:00:22]} 10.
d3 {[%clk 00:55:26]} {[%emt 00:01:09]} a6 {[%clk 01:31:26]} {[%emt 00:01:32]}
11. Ba4 {[%clk 00:55:29]} {[%emt 00:00:29]} Nd4 {[%clk 01:16:51]} {[%emt
00:15:05]} 12. Bxd7+ {[%clk 00:55:16]} {[%emt 00:00:43]} Nxd7 {[%clk 01:12:06]}
{[%emt 00:05:13]} 13. Nxd4 {[%clk 00:55:20]} {[%emt 00:00:28]} exd4 {[%clk
01:12:29]} {[%emt 00:00:07]} 14. Ne4 {[%clk 00:48:29]} {[%emt 00:07:20]} f6
{[%clk 01:10:16]} {[%emt 00:02:43]} 15. Bf4 {[%clk 00:48:23]} {[%emt 00:00:35]}
O-O-O {[%clk 01:10:19]} {[%emt 00:00:27]} 16. O-O-O {[%clk 00:48:22]} {[%emt
00:00:31]} g5 {[%clk 01:09:11]} {[%emt 00:01:38]} 17. Bd2 {[%clk 00:44:57]}
{[%emt 00:03:54]} Bg7 {[%clk 01:06:37]} {[%emt 00:03:06]} 18. Ng3 {[%clk
00:38:58]} {[%emt 00:06:29]} Ne5 {[%clk 01:01:07]} {[%emt 00:06:00]} 19. Nf5
{[%clk 00:34:55]} {[%emt 00:04:33]} Bf8 {[%clk 00:58:35]} {[%emt 00:03:02]} 20.
h4 {[%clk 00:28:53]} {[%emt 00:06:32]} g4 {[%clk 00:58:30]} {[%emt 00:00:34]}
21. h5 {[%clk 00:28:34]} {[%emt 00:00:49]} Nf3 {[%clk 00:57:52]} {[%emt
00:01:08]} 22. Bf4 {[%clk 00:26:51]} {[%emt 00:02:13]} Rd5 {[%clk 00:55:01]}
{[%emt 00:03:20]} 23. Ng3 {[%clk 00:26:55]} {[%emt 00:00:28]} f5 {[%clk
00:52:38]} {[%emt 00:02:54]} 24. h6 {[%clk 00:26:08]} {[%emt 00:01:17]} Be7
{[%clk 00:51:20]} {[%emt 00:01:35]} 25. Rh5 {[%clk 00:23:09]} {[%emt 00:03:41]}
Rf8 {[%clk 00:51:39]} {[%emt 00:00:11]} 26. Nf1 {[%clk 00:23:27]} {[%emt
00:00:08]} Bh4 {[%clk 00:50:24]} {[%emt 00:01:45]} 27. Nd2 {[%clk 00:20:12]}
{[%emt 00:03:49]} Bxf2 {[%clk 00:25:27]} {[%emt 00:25:25]} 28. Nxf3 {[%clk
00:16:16]} {[%emt 00:04:28]} gxf3 {[%clk 00:25:42]} {[%emt 00:00:15]} 29. Rh3
{[%clk 00:16:42]} {[%emt 00:00:04]} Be3+ {[%clk 00:25:09]} {[%emt 00:01:03]}
30. Bxe3 {[%clk 00:17:10]} {[%emt 00:00:02]} dxe3 {[%clk 00:25:28]} {[%emt
00:00:11]} 31. Rxf3 {[%clk 00:17:35]} {[%emt 00:00:04]} f4 {[%clk 00:25:57]}
{[%emt 00:00:02]} 32. Rdf1 {[%clk 00:17:16]} {[%emt 00:00:48]} Rdf5 {[%clk
00:24:44]} {[%emt 00:01:43]} 33. Kd1 {[%clk 00:17:37]} {[%emt 00:00:10]} Kd7
{[%clk 00:23:11]} {[%emt 00:02:02]} 34. Ke2 {[%emt 00:00:55]} 1/2-1/2